Podunajsko - významná oblasť cestovného ruchu

Atraktívnosť regiónu Podunajska z hľadiska cestovného ruchu. Významné lokality cestovného ruchu v tejto oblasti. Zhrnutie výsledkov výskumu regiónu Podunajsko ako významnej oblasti rozvoja cestovného ruchu Slovenska.

Na minha lista:
Detalhes bibliográficos
Autor principal: Sniščák, Vincent
Formato: Capítulo de Livro
Idioma:eslovaco
Assuntos:
Tags: Adicionar Tag
Sem tags, seja o primeiro a adicionar uma tag!

MARC

LEADER 00000naa a2200000 4500
001 r017665
005 20221205103313.3
041 0 |a slo 
044 |a SK 
245 1 0 |a Podunajsko - významná oblasť cestovného ruchu  |c Vincent Sniščák 
520 |a Atraktívnosť regiónu Podunajska z hľadiska cestovného ruchu. Významné lokality cestovného ruchu v tejto oblasti. Zhrnutie výsledkov výskumu regiónu Podunajsko ako významnej oblasti rozvoja cestovného ruchu Slovenska. 
610 2 0 |a Podunajsko 
610 2 0 |a regióny 
610 2 0 |a Slovensko 
610 2 0 |a ruch cestovný 
610 2 0 |a turistika 
100 1 |a Sniščák, Vincent